000 00870nam a2200277 a 4500
003 CHAP
005 20220329143641.0
008 001123d2000 mx 10 spa d
010 _a99846
011 _a100818
020 _a9786074270471
035 _a111504
040 _cCHAP
090 _aCD - 263
110 0 _aMéxico. Secretaría de Gobernación
_977180
245 1 3 _aCompilación normativa de la Secretaría de Gobernación [Disco compacto]
_c/por México. Secretaría de Gobernación
260 _aMéxico, D.F. :
_bSEGOB,
_c2009
300 _a1 disco compacto ;
_c4 3/4 plgs.
590 _aBATCH-UPD
_b10
_c20130110
_lUCH01
_h1344
590 _aCONVERSION
_b10
_c20130109
_lUCH01
_h1355
650 0 4 _aInstituciones sociales.
_958980
650 0 4 _aNormas.
_981763
901 _aBK
942 _cCD
949 _aCD-263
_bBC
_cCD
_d33724002222207
_eCD
_i111504
_sb
999 _c99846
_d99846